| 000 | 00438nam a2200181 4500 | ||
|---|---|---|---|
| 999 |
_c4539 _d4539 |
||
| 008 | 200813b ||||| |||| 00| 0 eng d | ||
| 020 | _cRs. 30.00 | ||
| 041 | 0 | _ahin | |
| 082 | 0 | 0 |
_a891.43 _bB116 |
| 100 |
_93633 _aBacchan, H. R. |
||
| 245 | 1 | 0 |
_aMadhubala / _cby H. R. Bacchan |
| 250 | _a17th ed. | ||
| 260 |
_aDelhi : _bRajpal & sons, _c1989. |
||
| 300 | _a99 p. | ||
| 365 | _bINR 30.00 | ||
| 650 | 0 | _aHindi fiction | |
| 942 |
_2ddc _cBK |
||